Les Ràdios municipals i comarcals (II) : març-juny 1981 març-juny 1981
Descripción Física:
177 f. ; 32 cm
Colección:
Comunicació ; 9
MARC
| LEADER | 00000nam a2200000Ia 4500 | ||
|---|---|---|---|
| 001 | 8887 | ||
| 008 | 160829s1981 xx 000 0 cat d | ||
| 080 | |a FOL-1-120 | ||
| 245 | |a Les Ràdios municipals i comarcals (II) : |b març-juny 1981 | ||
| 260 | |a Barcelona : |b Servei de Premsa, Informació i Edicions de la Diputació de Barcelona, |c 1981 | ||
| 300 | |a 177 f. ; |c 32 cm | ||
| 490 | |a Comunicació ; 9 | ||
| 650 | |a Radioemissores |x Catalunya |x Història |x Reculls de premsa |9 21930 | ||
| 710 | 1 | |a Barcelona (Catalunya : Província). |b Servei de Premsa, Informació i Edicions |9 54968 | |
| 901 | |a Arxiu | ||
| 942 | |n 1 | ||
| 952 | |0 0 |1 0 |4 0 |6 FOL1120 |7 1 |9 41945 |a Arxiu |b Arxiu |d 2016-12-01 |l 0 |o FOL-1-120 |p 8887 |r 2016-12-01 00:00:00 |w 2016-12-01 |y ARXIU | ||
| 999 | |c 44392 |d 44392 | ||